Score 0/8 Timer 01:00
0 Plays Today
% Correct
Oxygen
91.9%
Hydrogen
89.2%
Carbon
89.2%
Nitrogen
86.5%
Helium
83.8%
Boron
81.1%
Lithium
78.4%
Beryllium
75.7%

You're not logged in!

Compare scores with friends on all Sporcle quizzes.
OR
Log In

Sporcle TV

Today on Sporcle TV


Watch our educational content, quiz creation guides, and fun videos on Sporcle TV.

Show Comments

Extras

Top Quizzes Today


Score Distribution

Paid Content

Your Account Isn't Verified!

In order to create a playlist on Sporcle, you need to verify the email address you used during registration. Go to your Sporcle Settings to finish the process.

Report this User

Report this user for behavior that violates our Community Guidelines.

Details: